| 000 | 00535nam a2200193 a 4500 | ||
|---|---|---|---|
| 005 | 20151109165912.0 | ||
| 008 | 140317b1997 wau||||| |||| 00| 0 eng d | ||
| 040 |
_aCO-BoIAVH _cCO-BoIAVH |
||
| 041 | _aspa | ||
| 044 | _axxu | ||
| 090 |
_aLB _b04186 |
||
| 100 |
_aHardner, Jared J. _922107 |
||
| 245 | _aReplanteamiento de política de contrato de aprovechamiento forestal en América Latina | ||
| 260 |
_aWashington _bs.n. _c1997 |
||
| 300 | _a54 p. | ||
| 700 |
_aRice, Richard _922108 |
||
| 942 |
_cINFORME _2z |
||
| 945 | _d2005-07-19 | ||
| 999 |
_c4689 _d4689 |
||